000 00599cam a2200181 4500
001 8047
005 20181127184947.0
008 760611s1960 enk b 000 0 eng
010 _a 60001087
100 1 _aGennep, Arnold van,
_d1873-1957.
240 0 0 _aLes rites de passage. English
245 1 4 _aThe rites of passage;
_ctranslated by Monika B. Vizedom and Gabrielle L. Caffe. Introd. by Solon T. Kimball.
260 _aLondon,
_bRoutledge & Paul
_c[1960]
300 _a198 p.
_c23 cm.
504 _aIncludes bibliographies.
650 0 _aRites and ceremonies.
999 _c6927
_d6927